Library Banner

Word for Windows 6 : Solutions (Record no. 142)

MARC details
000 -LEADER
fixed length control field 00453nam a2200181Ia 4500
001 - CONTROL NUMBER
control field 41
008 - FIXED-LENGTH DATA ELEMENTS--GENERAL INFORMATION
fixed length control field 140311s9999 xx 000 0 und d
020 ## - INTERNATIONAL STANDARD BOOK NUMBER
International Standard Book Number 471304131
040 ## - CATALOGING SOURCE
Transcribing agency PK-LaUMT
082 ## - DEWEY DECIMAL CLASSIFICATION NUMBER
Classification number 005.3
Item number MAR-W
100 ## - MAIN ENTRY--PERSONAL NAME
Personal name Nei, Marmel Elaine
245 ## - TITLE STATEMENT
Title Word for Windows 6 : Solutions
Statement of responsibility, etc Nei, Marmel Elaine
260 ## - PUBLICATION, DISTRIBUTION, ETC. (IMPRINT)
Place of publication, distribution, etc USA:
Name of publisher, distributor, etc John Wiley & Sons,
Date of publication, distribution, etc 1995.
300 ## - PHYSICAL DESCRIPTION
Extent 484 p.
546 ## - LANGUAGE NOTE
Language note EN
650 ## - SUBJECT ADDED ENTRY--TOPICAL TERM
Topical term or geographic name as entry element Microsoft Word for Windows
942 ## - ADDED ENTRY ELEMENTS (KOHA)
Koha item type Books
Holdings
Withdrawn status Lost status Damaged status Not for loan Home library Current library Date acquired Total Checkouts Full call number Barcode Date last seen Date checked out Price effective from Koha item type
        UMT Main Campus UMT Main Campus 2014-03-11 1 005.3 MAR-W 2753 2017-01-12 2017-01-12 2014-03-11 Books